000 00482nam a2200193Ia 4500
005 20250923144731.0
008 008 250917s9999 xx 000 0 eng d
037 _aTextual
040 _aDSWL
_beng
_cDSWL
041 _aeng
_2eng
084 _qDSWL
245 0 _aSociometry reader
_cEd. by J.L. Moreno
260 _aGelencoe
_bFree Press of Gelencoe
_c1960
300 _axxiv,773p.
365 _aUSD
_b9.5
925 _g9.5
942 _cTEXL
999 _c1442661
_d1442661